000 00608nam a22002297a 4500
001 40266
003 UA-OsUOA
005 20220710165817.0
007 ta
008 20060724b un ||||| |||| 00| 0 ukr d
040 _aUA-OsUOA
_bukr
_cUA-OsUOA
_dUA-OsUOA
041 _aukr
080 _a821.161.1
090 _a821.161.1
_bС88
100 _aСтэною Д.
245 _aИзбраное
260 _aМ.
_bХудожественая литература
_c1978
300 _a413 с.
650 7 _a82 Література. Літературознавство
_2UDC
942 _cBK
_2udc
955 _a2
999 _c326408
_d326408